Music Quiz

Random Music or Bands Quiz

The Back Beat Goes On! Quiz Stats

Quiz not verified by Sporcle

Challenge
Share
Tweet
Embed
Score 0/32 Timer 05:00
0 Plays Today
Band Drummer % Correct
NirvanaDave Grohl
88.4%
MetallicaLars Ulrich
84.1%
Led ZeppelinJohn Bonham
84.1%
The BeatlesRingo Starr
84.1%
The WhoKeith Moon
81.2%
Van HalenAlex Van Halen
79.7%
RushNeil Peart
78.3%
GenesisPhil Collins
75.4%
Motley CrueTommy Lee
68.1%
KISSPeter Criss
63.8%
ZZ TopFrank Beard
60.9%
The Rolling StonesCharlie Watts
59.4%
Black SabbathBill Ward
58%
Dream TheaterMike Portnoy
55.1%
PanteraVinnie Paul Abbott
53.6%
AerosmithJoey Kramer
50.7%
Band Drummer % Correct
SlayerDave Lombardo
50.7%
Pink FloydNick Mason
50.7%
Lamb of GodChris Adler
49.3%
Iron MaidenNicko McBrain
47.8%
ToolDanny Carey
46.4%
SoundgardenMatt Cameron
46.4%
Deep PurpleIan Paice
44.9%
Guns'n'RosesMatt Sorum
42%
Def LeppardRick Allen
40.6%
Alice in ChainsSean Kinney
31.9%
Judas PriestScott Travis
31.9%
The ClashNicky Topper Headon
30.4%
MotorheadPhil 'Philthy Animal' Taylor
27.5%
RainbowCozy Powell
23.2%
KittieMercedes Lander
15.9%
Machine HeadDave McClain
8.7%

You're not logged in!

Compare scores with friends on all Sporcle quizzes.
Join for Free
OR
Log In

You Might Also Like...

Show Comments

Extras

Created Feb 16, 2010ReportNominate
Tags:Bands Quiz, beat, drummer

Top Quizzes Today


Score Distribution

Your Account Isn't Verified!

In order to create a playlist on Sporcle, you need to verify the email address you used during registration. Go to your Sporcle Settings to finish the process.

Report this User

Report this user for behavior that violates our Community Guidelines.

Details: